000 00712 a2200217 4500
001 62014
005 20260407155914.0
008 260407a1968 arg spa d
003 AR-UNSa-BCEJYS
040 _aAR-UNSa-BCEJYS
_bspa
_cAR-UNSa-BCEJYS
080 _a349.2
_xDerecho del Trabajo
245 1 0 _aDerecho del trabajo
250 _a2a. ed.
264 1 _aBuenos Aires :
_bEdiciones Depalma
_c1968
300 _a4 v.
_c23 cm.
505 _aVol I: Parte General -- Vol. II: De las relaciones individuales del trabajo -- Vol. III: La relación de trabajo -- Vol. IV: Las relaciones colectivas
041 _aspa
942 _cBK
590 _aniveau_biblio:m niveau_hierar:0
100 1 _aFerrari, Francisco de
999 _c7545
_d7545